000 01081nam a22002657a 4500
003 BD-DhSAU
005 20181203144833.0
008 160421b2014 bg ||||| |||| 001 0 eng d
040 _aBD-DhSAU
082 _222
_a338.1
_bA3158
100 _aAkter, Shanjida
_eRegistration # 07-2328
245 _aValue chain analysis of dairy milk production and marketing: a farm level study in Dhaka District /
_bMS thesis
260 _aSher-e-Bangla Agricultural Uniersity :
_bDepartment of Agribusiness & Marketing
_c2014
300 _ax, 101 p. :
_bill. ;
_c30 cm.
500 _aMS thesis of Department of Department of Agribusiness and marketing, Faculty of Agriculture, Sher-e-Bangla Agricultural University, Dhaka, Bangladesh
590 _aMd. Sirajul Islam
650 _aMarketing
650 _aStudy
650 _aDairy milk
650 _aFarm
700 _aAlam, Jahangir,
_eSupervisor
700 _aHossain, Tanvir Mahmud Bin
_eCo-Supervisor
856 _uhttp://archive.saulibrary.edu.bd:8080/xmlui/handle/123456789/1763
_yOnline Access
942 _2ddc
_cTHESIS
999 _c13289
_d13288